<?xml version="1.0" encoding="UTF-8"?>
<collection xmlns="http://www.loc.gov/MARC21/slim">
  <record>
    <leader>00000nam  2200000   4500</leader>
    <datafield tag="247" ind1="#" ind2="#">
      <subfield code="a"/>
    </datafield>
    <datafield tag="856" ind1="#" ind2="#">
      <subfield code="a"/>
    </datafield>
    <datafield tag="700" ind1=" " ind2="#">
      <subfield code="a"/>
    </datafield>
    <datafield tag="650" ind1=" " ind2="#">
      <subfield code="a">Transformasi Kinerja</subfield>
    </datafield>
    <datafield tag="650" ind1=" " ind2="#">
      <subfield code="a">SKP Tranformasional</subfield>
    </datafield>
    <datafield tag="520" ind1=" " ind2="#">
      <subfield code="a">Arahan Presiden Prabowo Subianto dalam sidang kabinet paripurna perdana menyambaikan banyaknya keluhan masyarakat terkait birokrasi yang ribet dan lambat. Mendukung pernyataan Presiden, Menteri PANRB Rini Widyantini menyatakan pentingnya produktivitas ASN untuk bisa melaksanakan tugas dari Presiden, salah satunya dengan meningkatkan pengelolaan kinerja dan kompetensi ASN. Terkait arahan tersebut, pengelolaan kinerja pegawai ASN yang saat inidiukur dengan instrumen Sasaran Kinerja Pegawai (SKP) dinilai masih bersifat busniess as usual belum dapat mencapai tujuan RB berdampak, dan belum berorientasi pada budaya inovasi serta membangun branding institusi. Untuk itu, diperlukan transformasi SKP sesuai amanat UU ASN.</subfield>
    </datafield>
    <datafield tag="321" ind1="#" ind2="#">
      <subfield code="a"/>
    </datafield>
    <datafield tag="310" ind1="#" ind2="#">
      <subfield code="a"/>
    </datafield>
    <datafield tag="300" ind1="#" ind2="#">
      <subfield code="a">32 hlm. :</subfield>
      <subfield code="b">ill. ;</subfield>
      <subfield code="c">30 cm</subfield>
      <subfield code="e"/>
    </datafield>
    <datafield tag="260" ind1="#" ind2="#">
      <subfield code="a">Jakarta :</subfield>
      <subfield code="b">Pusbangkom Pimnas dan Manajerial ASN. ;</subfield>
      <subfield code="c">2024</subfield>
    </datafield>
    <controlfield tag="001">$a INLIS000000000020868</controlfield>
    <datafield tag="245" ind1="#" ind2="#">
      <subfield code="a">Strategi Akselerasi Transformasi Kinerja Melalui Pengembangan SKP Transformasional</subfield>
      <subfield code="b"/>
      <subfield code="c">Tri Atmojo Sejati</subfield>
    </datafield>
    <datafield tag="100" ind1=" " ind2="#">
      <subfield code="a">Tri Atmojo Sejati</subfield>
    </datafield>
    <datafield tag="084" ind1="#" ind2="#">
      <subfield code="a">R 0065 PKN I 2024</subfield>
    </datafield>
    <datafield tag="082" ind1="#" ind2="#">
      <subfield code="a"/>
    </datafield>
    <datafield tag="035" ind1="#" ind2="#">
      <subfield code="a">0010-0426000025</subfield>
    </datafield>
    <datafield tag="020" ind1="#" ind2="#">
      <subfield code="a"/>
    </datafield>
    <controlfield tag="008">$a 260415################g##########0#ind##</controlfield>
    <controlfield tag="005">$a 20260415143511</controlfield>
  </record>
</collection>
